000
00264nam a22001097a 4500
082
_a
425
_b
GUP/E
100
_a
P.S.GUPTA
245
_a
CP DIGEST ENGLISH (CORE)
_b
CLASS XII
260
_a
DELHI
_b
CONVENT PUBLICATIONS
650
_a
ENGLISH FOR CLASS XII
_z
INDIA
942
_c
BK
999
_c
590
_d
590